000 00526nam a2200205Ia 4500
001 9539
003 IVS
005 20250626030231.0
008 211022s9999 xx 000 0 und d
040 _cIVS
082 _a720 RAD
100 _aRadya Anwer Balagamwala
245 0 _aSynaesthesia and architecture
260 _aKarachi
260 _bIndus Valley School
260 _c2009
300 _a35
856 _uhttps://drive.google.com/file/d/1OKc63eQSEZ9SSLyCyo9LIJ-eK109SbuK/view?usp=sharing
942 _cDISS
_n0
_2ddc
999 _c8682
_d8682